000 01207nam a2200229Ia 4500
999 _c39223
_d39223
001 5809
003 GE_BSU
005 20190620181236.0
008 181216s ||||ge |||||||||||||| ||geo||
040 _cGE_BSU
041 _ageo
080 _a628.1 + 628.3 + 66.063.72 მ-47
100 _aმეგრელიშვილი, ზ.
_92683
245 _aწყლის დარბილების პროცესის და კათიონიტური დანადგარების ფუნქციონირების ტექნოლოგიური რეგლამენტის სრულყოფა სამრეწველო წყალმომარაგების სისტემებში /
_cზ. მეგრელიშვილი
264 _aთბილისი :
_bსტუ,
_c2005.
300 _a286 გვ. :
_bილ. დანართები ცხრილები ;
_c22 სმ.
300 _e.
504 _aბიბლიოგრ. : გვ. 251.
653 _aსამრეწველო წყალმომარაგება
653 _a წყლის დარბილება
942 _cBK
_2udc